Experiment.

محفوظ في:

التنسيق: دورية

اللغة: Undetermined

الموضوعات:

الوصول للمادة أونلاين: Login to view Source

الوسوم: إضافة وسم

لا توجد وسوم, كن أول من يضع وسما على هذه التسجيلة!

رقم الطلب:

LEADER 00505nms a2200181Ia 4500
005 20240402052316.0
008 240131s9999||||xx |||||||||||||||||und||
999 |c 56387  |d 56387 
022 |a 1084-4945 
022 |a 2211-730X 
245 0 0 |a Experiment. 
336 |2 rdacontent  |a text  |b txt 
337 |2 rdamedia  |a unmediated  |b n 
338 |2 rdacarrier  |a volume  |b n 
500 |a BRILLBRILLJ 
650 4 |a The arts: general issues. 
856 |z EXPT  |u https://brill.com/view/journals/expt/expt-overview.xml 
942 |2 lcc  |c EJL